| 000 | 00717nam a2200253Ia 4500 | ||
|---|---|---|---|
| 001 | 18274 | ||
| 003 | GE_BSU | ||
| 008 | 181216s||||||||xx |||||||||||||| ||und|| | ||
| 020 | _a9782090338850 | ||
| 040 | _cGE_BSU | ||
| 080 | _a821.133.1 | ||
| 100 | _aBlondeau, Nicole.,Allouache, Ferroudja., Ne, Marie-Francoise | ||
| 245 | _aLitterature Progressive Du Francais: Corriges. Niveau debutant. | ||
| 245 | _cEdition: Bernard Delcord | ||
| 260 | _aParis | ||
| 260 | _bCLE International | ||
| 260 | _c2004 | ||
| 300 | _a64p.26cm. | ||
| 541 | _h52 Gel.85T. | ||
| 653 | _aCorriges. Niveau debutant | ||
| 653 | _aLitterature Progressive Du Francais | ||
| 653 | _aფრანგული ენა | ||
| 942 | _cBK | ||
| 999 |
_c51305 _d51305 |
||